00924cas a22002897a 450000500170000000800410001701000100005801100100006802200140007803500100009224500620010226000450016430000070020931000140021636200180023050000520024859000410030059000410034159000410038259000410042359000420046465000530050686600210055990100070058090500300058799900170061720220329142055.0990526u1973 uk bn p rnn 0 bub1eng d a77988 a789600 a0300-5127 a8907600aBiochemical Society Transactionsc/by Biochemical Society0 aEssex, UK :bBiochemical Society,c1973- av. aBimestral0 av.1 n.4, 1973 aSe dejó de recibir a partir del v.1 n.4, 1973 aBATCH-UPDb10c20130110lUCH01h2351 aBATCH-UPDb10c20130410lUCH01h1638 aBATCH-UPDb10c20130914lUCH01h0644 aBATCH-UPDb10c20130914lUCH01h2147 aCONVERSIONb10c20130109lUCH01h134314aBioquímicaxPublicaciones periódicas.912862 av.1 n.1-6 (1973) aSE aMa. del Socorro Iturbe C. c77988d77988